=LDR 00000nam 2200000 4500 =001 INLIS000000000024249 =005 20130612122841 =008 ***********************************ind** =035 ##$$0010-061300000024249 =041 ##$$a ind =082 ##$$a 371.93 =090 ##$$a 371.93, FON m =100 ##$$a Fontenelle, Don. H =245 ##$$a Memahami dan mengatasi anak yang Overaktif, Don Fontenelle; penerjemah, Anton Soetomo =260 ##$$a 1990 $b Jakarta =300 ##$$a xi, 227 hlm., 21 cm =650 ##$$a Anak Luar Biasa =650 ##$$a Pendidikan =850 ##$$a NBPNMAT